Telegram 2 - Werenoi - Statistiques

Statistiques générales
  • Ce quiz a été pris 39 fois
  • Le résultat moyen est 5 sur 8
Statistiques - réponses
Featuring Titre % Correct
5 Mauvaise
81%
7 Tu connais
81%
1 Rolls Royce
73%
8 3x filtré
70%
4 CR
70%
6 Les codes
62%
3 Bang
57%
2 SCH Mgot
3%
Aucun quiz correspondant
Distribution des résultats
% des personnes avec chaque résultat
Percentile par nombre de réponses
Votre historique - résultats
Vous n’avez pas pris ce quiz